[Event "FIDE Chesscom Grand Swiss 2021"]
[Site "Riga"]
[Date "2021.11.01"]
[Round "6.7"]
[White "Predke, Alexandr"]
[Black "Sasikiran, Krishnan"]
[Result "0-1"]
[WhiteElo "2666"]
[BlackElo "2640"]
[Annotator "TA"]
[PlyCount "106"]
[EventDate "2021.10.27"]
[EventType "swiss"]
[EventCountry "LAT"]
[Tiebreak "Cut1 Buchholz+Sonneborn-Berger (Swiss)"]
[SourceTitle "playchess.com"]
[Source "ChessBase"]
[SourceQuality "1"]

{[%evp 14,106,17,23,25,39,46,37,69,-78,-67,-65,-53,-53,-42,-54,-45,-36,-46,
-251,-246,-254,-138,-131,-142,-184,-152,-217,-212,-250,-139,-322,-331,-406,
-402,-400,-421,-418,-332,-489,-477,-479,-481,-507,-587,-593,-587,-567,-564,
-804,-779,-720,-552,-710,-708,-756,-764,-760,-734,-839,-837,-875,-833,-831,
-829,-806,-812,-806,-787,-733,-654,-541,-474,-457,-446,-427,-414,-406,-387,
-810,-802,-791,-774,-4610,-4079,-5933,-29971,-29970,-29965,-29936,-5944,-5558,
-5081,-5097,-4943]} 1. d4 Nf6 2. c4 e6 3. Nc3 Bb4 4. e3 O-O 5. Bd3 d5 6. a3
Bxc3+ 7. bxc3 dxc4 8. Bxc4 e5 {E49: Nimzo-Indian: Rubinstein: 5 Bd3 d5 6 a3
Bxc3+ 7 bxc3.} 9. Nf3 (9. dxe5 Qxd1+ 10. Kxd1 Ng4 $15) 9... e4 10. Ne5 {[#]}
Nc6 $146 {White is slightly better.} ({Predecessor:} 10... c6 11. a4 Nd5 12.
Bb3 Qg5 13. g3 Nxc3 14. Qc2 Nd5 15. Ba3 Rd8 16. h4 Qf6 {1/2-1/2 (49) Banyai,I 
(1981)-Gosztolya,F (1958) Hungary 2016}) 11. Qc2 (11. Nxc6 $14 {stays ahead.}
bxc6 12. O-O) 11... Nxe5 $17 12. dxe5 Ng4 13. Be2 Qd5 14. c4 Qxe5 15. Bb2 Qf5
16. O-O-O $2 (16. O-O $15) 16... Nxf2 $19 ({Weaker is} 16... Qxf2 17. Bd4 $17)
17. Rhf1 {[#] And now Qc3 would win.} Nd3+ (17... Nxd1 18. Rxf5 Nxb2 19. Rf4
$11) (17... Qg5 $1 $19 18. Rd2 (18. Rd5 Qxg2) 18... Qxe3) 18. Bxd3 $17 exd3 19.
Qc3 {[%csl Gb2][%cal Rc3g7]} Qg6 {Strongly threatening ...Bg4.} 20. g4 (20.
Qxd3 $17 c5 21. Qxg6 hxg6 22. h4) 20... f6 $19 ({Stronger than} 20... Bxg4 21.
Rg1 $11) 21. Rf4 {[#]} Be6 ({Better is} 21... Rd8 $1 $19 22. Qd2 Rb8) 22. Rg1 {
White does not recover from this.} (22. Qxd3 $17 {was necessary.} Qh6 23. h4)
22... Rad8 {...d2+ is the strong threat.} 23. Kd2 Qg5 24. Rg3 h6 25. Qb4 b6 26.
Qa4 (26. Qb5 $142) 26... b5 27. cxb5 Qd5 28. Qb4 c5 29. Qc3 Rb8 30. a4 a6 31.
g5 hxg5 32. e4 Qd7 ({Worse is} 32... gxf4 33. exd5 fxg3 34. dxe6 $11) 33. Rff3
axb5 34. Rxd3 Qc7 35. axb5 Qf4+ 36. Ke1 Rxb5 37. Rd2 Rb3 38. Qxc5 Rxg3 39. hxg3
Qxg3+ 40. Qf2 Qg4 41. Rd4 Qh3 42. Qf1 g4 43. Qxh3 gxh3 {[%mdl 4096] Endgame
KRB-KRB} 44. Kf2 Kf7 45. Kg3 Rb8 46. Bc1 (46. Bc3) 46... Rb3+ 47. Kh2 Rf3 48.
Rd2 g5 49. Kg1 g4 50. Rf2 Rb3 51. Bg5 Rb1+ (51... Kg6 $142 52. Bf4 g3 53. Rf1
Bg4 54. Bd6 h2+ 55. Kg2 {[#]} Bf3+ $1 {[%mdl 512]} 56. Kxg3 h1=Q 57. Rxh1 Bxh1+
58. Kf2 Bxe4 59. Ke2 Kf5 60. Bf8 Bd5 61. Kd2 Ke4 62. Bc5 f5 63. Bf8 f4 64. Ke1
f3 65. Bc5 Rb2 66. Ba7 Bc4 67. Bc5 Ra2 68. Bb6 Re2+ 69. Kf1 Rb2+ {[%mdl 64]
Discovered Attack} 70. Kg1 Rxb6 71. Kf2 Kf4 72. Ke1 Ke3 73. Kd1 Bd3 74. Ke1
Rb1#) 52. Kh2 g3+ {[%mdl 64] Deflection, Decoy} 53. Kxg3 Rg1+ {Weighted Error
Value: White=0.57/Black=0.19} 0-1

[Event "FIDE Chesscom Grand Swiss 2021"]
[Site "Riga"]
[Date "2021.11.01"]
[Round "6.8"]
[White "Deac, Bogdan-Daniel"]
[Black "Sargissian, Gabriel"]
[Result "1/2-1/2"]
[WhiteElo "2643"]
[BlackElo "2664"]
[Annotator "TA"]
[PlyCount "71"]
[EventDate "2021.10.27"]
[EventType "swiss"]
[EventCountry "LAT"]
[Tiebreak "Cut1 Buchholz+Sonneborn-Berger (Swiss)"]
[SourceTitle "playchess.com"]
[Source "ChessBase"]
[SourceQuality "1"]

{[%evp 26,71,19,30,38,43,33,36,37,24,19,31,167,39,36,8,8,8,8,8,7,5,4,8,7,7,4,7,
7,7,7,7,7,7,7,9,8,7,7,7,7,0,7,0,7,0,2,0]} 1. e4 {RR} e5 2. Nf3 Nc6 3. Bb5 a6 4.
Ba4 Nf6 5. O-O Be7 6. Re1 b5 7. Bb3 O-O 8. c3 d5 9. exd5 Nxd5 10. Nxe5 Nxe5 11.
Rxe5 c6 12. d3 Bd6 13. Re1 Bf5 14. Qf3 Qh4 {C89: Closed Ruy Lopez: Marshall
Attack.} 15. g3 ({Don't play} 15. Bxd5 Bxh2+ 16. Kf1 Bg4 $17) 15... Qh3 16. Nd2
Rae8 {White is slightly better.} 17. Ne4 Bg4 18. Qg2 Qxg2+ 19. Kxg2 f5 {[#]}
20. Bf4 $1 Bxf4 {The position is equal.} 21. gxf4 {Hoping for Nc5.} fxe4 22.
dxe4 {[%mdl 64] Pin} Bf3+ $1 {[%mdl 64] Decoy} 23. Kxf3 Rxf4+ 24. Kg3 Rfxe4 25.
Rxe4 Rxe4 $11 {[%mdl 4096] Endgame KRB-KRN} 26. f3 Re5 27. c4 bxc4 28. Bxc4 a5
29. Rc1 Rg5+ 30. Kf2 {[#]} Kf8 $146 ({Predecessor:} 30... Rh5 31. Bb3 a4 32.
Bxa4 Rxh2+ 33. Kg3 Rxb2 34. Bb3 Kf8 35. Rxc6 Nb4 36. Rc8+ Ke7 37. Ra8 g5 38.
Ra7+ Kf6 39. Rf7+ Ke5 40. Re7+ Kf6 41. Re6+ {1/2-1/2 (41) Naiditsch,A (2626)
-Kasimdzhanov,R (2670) Nancy 2005 EXT 2015 [RR]}) 31. Bd3 Ne7 32. Be4 ({But not
} 32. Bxh7 g6 $17) 32... Rh5 33. Kg3 Rg5+ 34. Kf2 Rh5 35. Kg3 Rg5+ 36. Kf2 {
Weighted Error Value: White=0.03/Black=0.00} 1/2-1/2

[Event "FIDE Chesscom Grand Swiss 2021"]
[Site "Riga"]
[Date "2021.11.01"]
[Round "6.10"]
[White "Aronian, Levon"]
[Black "Donchenko, Alexander"]
[Result "1/2-1/2"]
[WhiteElo "2782"]
[BlackElo "2648"]
[Annotator "TA"]
[PlyCount "104"]
[EventDate "2021.10.27"]
[EventType "swiss"]
[EventCountry "LAT"]
[Tiebreak "Cut1 Buchholz+Sonneborn-Berger (Swiss)"]
[SourceTitle "playchess.com"]
[Source "ChessBase"]
[SourceQuality "1"]

{[%evp 9,104,11,8,5,11,13,12,0,0,-6,13,12,10,10,10,12,17,-3,4,0,0,6,4,-7,33,7,
35,18,42,39,71,64,68,76,103,111,87,73,76,64,64,69,158,77,70,77,69,66,68,60,68,
63,57,59,77,19,9,28,34,0,0,0,32,32,32,32,33,33,8,8,8,8,8,8,8,8,8,2,5,0,0,0,0,0,
0,0,0,0,0,0,0,0,0,0,0,0,0]} 1. c4 Nf6 2. Nc3 e5 3. Nf3 Nc6 4. e4 Bb4 5. d3 d6
6. a3 {A28: English Opening: Four Knights Variation.} Bc5 {Black wants to play
...Ng4.} 7. b4 Bb6 8. Na4 Bd4 9. Rb1 Bg4 10. Be2 Bxf3 11. Bxf3 O-O 12. O-O a6
13. Qd2 Ba7 14. Nc3 Nd4 15. Bd1 b5 16. Kh1 {[#]} c5 $146 ({Predecessor:} 16...
c6 17. Qe1 Re8 18. f3 h6 19. Ne2 Nxe2 20. Qxe2 Bd4 21. Bd2 Qe7 22. Bb3 Rab8 {
1/2-1/2 (54) Rallabandi,P (2462)-Williams,R (2309) ICCF email 2019}) 17. Qa2
Qd7 18. f4 Kh8 19. f5 cxb4 20. axb4 Rfc8 21. Bg5 (21. Qxa6 $2 {[#]} Bc5 $1 $19
{[%mdl 512]}) 21... bxc4 22. Bxf6 gxf6 23. Qd2 cxd3 24. Nd5 Qd8 25. Qxd3 Qf8 ({
Black should try} 25... Nb5 $14) 26. Ra1 (26. Qxa6 $142 Rcb8 27. Nxf6) 26...
Nb5 $16 27. Rxa6 Nc7 28. Nxc7 Rxc7 29. Qa3 {[#] aiming for b5.} Qe7 $1 30. b5 {
And now b6 would win.} Rb8 31. Be2 ({Wrong is} 31. Rxd6 $2 Bc5 $19) 31... Bd4
32. Rc1 ({But not} 32. Rxd6 $2 Bc5 $19) (32. Qxd6 $16 Qxd6 33. Rxd6) 32... d5
$11 {...Qxa3 is the strong threat.} 33. Rxc7 Qxc7 34. Bd3 (34. exd5 {with more
complications.} Qc2 35. Qf3 e4 36. Qf1 Be5 37. d6) 34... dxe4 35. Bxe4 Qc5 (
35... Kg7 {seems wilder.} 36. Rc6 Qd8 37. Qg3+ Kf8 38. Qa3+ Kg7) 36. Qxc5 Bxc5
37. Ra8 Rxa8 38. Bxa8 $14 {[%mdl 4096] Endgame KB-KB} Kg7 39. g3 {The position
is equal.} Kf8 40. Kg2 Ke7 41. Kf3 Kd6 42. Ke2 Bg1 43. Bf3 Kc5 44. Kf1 Bd4 ({
Don't play} 44... Bxh2 $6 45. Kg2 $16) 45. Be2 Kd5 46. Kg2 Ke4 47. g4 Kf4 48.
h3 e4 49. Bc4 e3 50. Be2 Bb6 51. Bc4 Bd4 52. Be2 Bb6 {Weighted Error Value:
White=0.08/Black=0.06} 1/2-1/2

[Event "FIDE Chesscom Grand Swiss 2021"]
[Site "Riga"]
[Date "2021.11.01"]
[Round "6.11"]
[White "Esipenko, Andrey"]
[Black "Abdusattorov, Nodirbek"]
[Result "1-0"]
[WhiteElo "2720"]
[BlackElo "2646"]
[Annotator "TA"]
[PlyCount "53"]
[EventDate "2021.10.27"]
[EventType "swiss"]
[EventCountry "LAT"]
[Tiebreak "Cut1 Buchholz+Sonneborn-Berger (Swiss)"]
[SourceTitle "playchess.com"]
[Source "ChessBase"]
[SourceQuality "1"]

{[%evp 13,53,27,49,41,37,31,21,36,19,24,45,37,41,31,38,22,26,32,47,32,27,24,67,
76,76,76,76,76,76,76,76,79,86,83,105,81,100,93,93,92,497,478]} 1. d4 Nf6 2. c4
e6 3. Nf3 c5 4. d5 exd5 5. cxd5 d6 6. Nc3 g6 7. h3 Bg7 8. Bf4 {A61: Modern
Benoni: Nf3 without early e4.} O-O 9. e3 Na6 {The main line 9...Na6 scores
better than 9...a6.} 10. Bxa6 {The position is equal.} bxa6 11. Rc1 Rb8 12. b3
a5 13. O-O Rb4 14. Re1 Nh5 15. Bh2 f5 {[#]} 16. a3 $5 $146 {[%mdl 8] An
interesting novelty.} ({Predecessor:} 16. Nd2 f4 17. Nce4 fxe3 18. fxe3 Nf6 19.
Nxd6 Nxd5 20. N2e4 Be6 21. Nxc5 Qe7 22. Nxe6 Qxe6 {1/2-1/2 (44) Georgiadis,N 
(2525)-Papp,G (2603) Germany 2019}) 16... Rb7 17. e4 Bxc3 18. Rxc3 fxe4 19. Nd2
Nf6 20. Nxe4 Nxe4 21. Rxe4 Bf5 22. Re1 a4 23. bxa4 Rb1 24. Rc1 Rb2 {[#]} 25.
Bg3 $1 Qf6 26. Re2 {aiming for Be5!} Bd7 $2 {[%mdl 8192] [#]} (26... Rbb8 $16)
27. Be5 $1 {[%cal Re5f6][%mdl 512] Weighted Error Value: White=0.03/Black=0.41}
1-0

[Event "FIDE Chesscom Grand Swiss 2021"]
[Site "Riga"]
[Date "2021.11.01"]
[Round "6.12"]
[White "Bluebaum, Matthias"]
[Black "Harikrishna, Pentala"]
[Result "1/2-1/2"]
[WhiteElo "2640"]
[BlackElo "2719"]
[Annotator "TA"]
[PlyCount "72"]
[EventDate "2021.10.27"]
[EventType "swiss"]
[EventCountry "LAT"]
[Tiebreak "Cut1 Buchholz+Sonneborn-Berger (Swiss)"]
[SourceTitle "playchess.com"]
[Source "ChessBase"]
[SourceQuality "1"]

{[%evp 17,72,14,0,12,14,16,8,8,8,5,15,8,54,54,54,51,61,45,52,45,45,37,37,37,46,
45,40,37,37,37,37,37,51,51,60,60,60,60,60,60,80,54,71,63,64,59,67,62,62,64,68,
72,66,64,65,70,65]} 1. d4 d5 2. c4 c6 3. Nf3 Nf6 4. Qc2 dxc4 5. Qxc4 Bf5 6. g3
e6 7. Bg2 Be7 8. O-O Nbd7 9. Qb3 Qb6 10. Nbd2 {D23: Queen's Gambit Accepted: 3
Nf3 Nf6 sidelines.} O-O 11. Nc4 Qa6 $1 {The main line 11...Qa6 scores better
than 11...Qxb3.} 12. Bf4 {The position is equal.} Nb6 {[#]} 13. Bd6 $1 Bxd6 14.
Nxd6 {[#]} Be4 $146 ({Predecessor:} 14... Bg6 15. Ne5 Rad8 16. Qb4 Nfd5 17.
Bxd5 exd5 18. a4 Qxe2 19. Rfe1 Qh5 20. Nxb7 Rb8 {1-0 (34) Ju,W (2576)-Sebag,M 
(2450) Skolkovo 2019}) 15. Nxe4 Nxe4 16. Qc2 Nf6 17. Ne5 Nbd7 18. Nxd7 Nxd7 19.
b4 Qb6 20. Rab1 Nf6 ({Don't go for} 20... Qxd4 $2 21. Rfd1 $18) 21. e3 Nd5 22.
Qb3 a6 23. a4 Rfd8 24. Rfc1 h6 25. Rc5 Rac8 26. Bf3 Ne7 27. Qc2 Qa7 28. h4 Qb8
29. Kg2 Nf5 30. Rb3 Nd6 31. Rbc3 Re8 32. Be2 Rcd8 33. Bd3 Re7 34. Qe2 Ne8 35.
b5 axb5 36. axb5 cxb5 {Weighted Error Value: White=0.03/Black=0.05} 1/2-1/2

[Event "FIDE Chesscom Grand Swiss 2021"]
[Site "Riga"]
[Date "2021.11.01"]
[Round "6.13"]
[White "Dubov, Daniil"]
[Black "Saric, Ivan"]
[Result "1-0"]
[WhiteElo "2714"]
[BlackElo "2644"]
[Annotator "TA"]
[PlyCount "83"]
[EventDate "2021.10.27"]
[EventType "swiss"]
[EventCountry "LAT"]
[Tiebreak "Cut1 Buchholz+Sonneborn-Berger (Swiss)"]
[SourceTitle "playchess.com"]
[Source "ChessBase"]
[SourceQuality "1"]

{[%evp 9,83,16,25,19,13,18,8,0,0,0,3,-12,-12,-8,0,0,0,-27,-23,-33,-22,-19,-22,
-37,0,-81,-40,-57,0,0,0,0,0,0,0,0,0,0,0,0,0,0,0,0,0,-35,0,-7,0,0,12,0,0,0,0,0,
37,0,0,0,1139,906,1147,1119,1110,1009,29976,29977,29977,29977,29977,29977,
29978,29979,29979,29980]} 1. e4 c5 2. Nf3 d6 3. Bb5+ Nd7 4. O-O a6 5. Bd3 Ngf6
6. c3 {B51: Sicilian: Moscow Variation (3 Bb5+) without 3...Bd7.} b5 7. a4 Bb7
8. axb5 {The position is equal.} axb5 9. Rxa8 Qxa8 10. Na3 $5 {[%mdl 4] An
interesting side line.} b4 11. Nb5 Qa5 {[#]} 12. cxb4 $146 ({Predecessor:} 12.
Qe2 e5 13. Bc2 Bc6 14. c4 Be7 15. Nh4 g6 16. f4 Nh5 17. fxe5 Bxb5 18. cxb5 Bxh4
{0-1 (29) Pogany,Z (2259)-Papadiamandis,E (2333) Budapest 2021}) 12... cxb4 13.
Bc4 Nxe4 14. d3 {[#]} d5 15. Bf4 $1 {[#]} e5 $1 16. Nxe5 dxc4 17. dxc4 (17. Qh5
$1 $11 {keeps the balance.} Qxb5 18. Qxf7+ Kd8 19. dxe4 Nxe5 20. Bxe5 Qxe5 21.
Qxb7) 17... Nxe5 (17... Qd8 {seems wilder.} 18. Nd3 Be7 19. f3 Ndc5 20. Nxb4
Ne6) 18. Bxe5 {Strongly threatening Bc7.} Bc5 (18... f6 $1 $15 19. f3 Qb6+ 20.
Bd4 Nc5) 19. Bd6 {Qh5 is the strong threat.} Bxd6 20. Nxd6+ Nxd6 21. Qxd6 {
Threatening mate with Re1+.} Bc8 {Threatens to win with ...f6.} 22. Re1+ $1 Be6
23. Rd1 $1 Qa8 24. c5 {White wants to play c6.} Qc8 25. c6 {Threatening Rd4.}
h5 26. Re1 {With the idea c7.} Rh6 27. Re5 Qd8 28. Qxb4 Qc7 29. Qc5 Qe7 30. Qc3
{Hoping for c7.} Qc7 31. b4 Ke7 32. b5 Rh8 33. Qg3 {aiming for Rxe6+!} Rd8 {
( -> ...Rd1+)} 34. h4 $36 {[%mdl 2048] And now Rxe6+! would win. White has the
initiative.} Kf8 $2 {[%mdl 8192] [#]} (34... Rd1+ $11 35. Kh2 Kd8 36. Qxg7 Kc8)
35. Rxe6 $1 $18 {[%mdl 576] Discovered Attack} Qxg3 36. fxg3 fxe6 {[%mdl 4096]
Endgame KR-KP} 37. c7 Ke7 38. cxd8=Q+ {White mates.} Kxd8 39. Kf2 Kc7 40. Ke3
Kb6 41. Kd4 Kxb5 42. Ke5 {Weighted Error Value: White=0.07/Black=0.31} 1-0

[Event "FIDE Chesscom Grand Swiss 2021"]
[Site "Riga"]
[Date "2021.11.01"]
[Round "6.14"]
[White "Maghsoodloo, Parham"]
[Black "Tabatabaei, M. Amin"]
[Result "1/2-1/2"]
[WhiteElo "2701"]
[BlackElo "2639"]
[Annotator "TA"]
[PlyCount "51"]
[EventDate "2021.10.27"]
[EventType "swiss"]
[EventCountry "LAT"]
[Tiebreak "Cut1 Buchholz+Sonneborn-Berger (Swiss)"]
[SourceTitle "playchess.com"]
[Source "ChessBase"]
[SourceQuality "1"]

{[%evp 10,51,13,5,15,4,10,8,12,0,4,0,0,0,0,0,0,0,0,0,0,0,0,0,0,0,0,-6,0,0,0,0,
0,0,0,0,0,0,0,0,5,0,0,0]} 1. e4 e5 2. Nf3 Nc6 3. Bc4 Bc5 4. c3 Nf6 5. d3 d6 6.
O-O {The position is equal.} a5 {C54: Giuoco Piano: 4 c3 Nf6, main lines with
5 d4 and 5 d3.} 7. Re1 O-O 8. h3 h6 9. Nbd2 {[%cal Bb1d2,Bd2f1,Bf1e3,Be3c4]
[%mdl 32]} Be6 10. Bb5 Qb8 11. Nf1 Qa7 12. Be3 Bxe3 13. Nxe3 Ne7 {[%cal Bc6e7,
Be7g6,Bg6f4][%mdl 32]} 14. a4 Ng6 15. Bc4 Bxc4 16. Nxc4 Qa6 17. Qc2 Nf4 18. Kh2
Rfe8 19. b3 {[#]} Ne6 $146 ({Predecessor:} 19... Qc6 20. g3 Ne6 21. Kg2 Nc5 22.
Rad1 Qd7 23. Ncd2 Re7 24. d4 exd4 25. cxd4 Na6 {1/2-1/2 (33) Ilyin,P (2415)
-Zejewski,P (2424) ICCF email 2018}) 20. Rab1 Qc6 21. Nfd2 Nf4 22. Nf3 Ne6 23.
Nfd2 Nf4 24. Nf3 Ne6 25. Nfd2 Nf4 26. Nf3 {An uneventful encounter.  Weighted
Error Value: White=0.02/Black=0.01} 1/2-1/2

[Event "FIDE Chesscom Grand Swiss 2021"]
[Site "Riga"]
[Date "2021.11.01"]
[Round "6.15"]
[White "Swiercz, Dariusz"]
[Black "Xiong, Jeffery"]
[Result "1/2-1/2"]
[WhiteElo "2647"]
[BlackElo "2700"]
[Annotator "TA"]
[PlyCount "107"]
[EventDate "2021.10.27"]
[EventType "swiss"]
[EventCountry "LAT"]
[Tiebreak "Cut1 Buchholz+Sonneborn-Berger (Swiss)"]
[SourceTitle "playchess.com"]
[Source "ChessBase"]
[SourceQuality "1"]

{[%evp 19,107,19,19,0,0,0,0,0,0,0,9,2,16,10,11,22,22,14,11,16,18,0,4,3,10,0,0,
0,0,0,0,0,0,0,0,0,0,0,0,0,0,0,0,-7,0,0,0,0,0,0,0,0,53,53,53,53,53,53,53,53,53,
53,53,53,53,53,53,53,53,21,21,21,21,0,53,21,21,8,8,8,8,8,8,8,8,8,8,8,8,8]} 1.
e4 e5 2. Nf3 Nc6 3. Bb5 Nf6 4. O-O Nxe4 5. d4 Nd6 6. Bxc6 dxc6 7. dxe5 Nf5 8.
Qxd8+ Kxd8 9. Rd1+ Ke8 10. Nc3 Be7 11. g4 {C67: Ruy Lopez: Berlin Defence: 4
0-0 Nxe4.} Nh4 12. Nxh4 Bxh4 13. Kg2 Be6 14. h3 {[#]} f5 $146 ({Predecessor:} 
14... h5 15. f3 Be7 16. Bf4 a5 17. a4 Rd8 18. b3 Rd7 19. Ne4 b6 20. Ng5 Bc5 21.
Nxe6 fxe6 22. Rxd7 Kxd7 {1-0 (35) Dominguez Perez,L (2758)-Tari,A (2639)
chess24.com INT 2021}) 15. exf6 Bxf6 16. Bf4 Bxc3 17. bxc3 Rd8 18. Be5 Kf7 19.
Kg3 Rhe8 {With the idea ...Rxd1.} 20. f4 Rxd1 21. Rxd1 Bxa2 $11 {[%mdl 4096]
Endgame KRB-KRB} 22. Rd7+ Re7 23. Rxe7+ Kxe7 24. Bxg7 {KB-KB} a5 25. f5 a4 26.
Bh6 Bb1 27. Bc1 Bxc2 28. Ba3+ Kf7 29. Kf4 Bd3 30. h4 b6 31. h5 Be2 32. h6 c5
33. g5 Bd3 34. Ke5 Bc4 35. Bc1 b5 ({Black should try} 35... Bd3 $11) 36. Ba3
$14 b4 37. cxb4 cxb4 38. Bxb4 Bd3 39. Ba3 Bc2 40. Kf4 Bb1 41. g6+ Kg8 42. Kg5
Bc2 43. Kf6 Bb1 44. Bc1 Bc2 45. Bb2 Bd3 46. Ba3 Bc2 ({Better is} 46... Bb1 $1
$11) 47. Bc1 Bd3 {The position is equal.} 48. gxh7+ (48. g7 {with more
complications.} c5 49. Ke5 Bc2 50. f6 Bb3 51. Bb2) 48... Kxh7 49. Ke6 a3 50.
Bxa3 Bxf5+ 51. Kxf5 {[#] White threatens Kg5 and mate.} Kxh6 52. Ke6 Kg6 53.
Kd7 Kf5 54. Kxc7 {Weighted Error Value: White=0.04/Black=0.06} 1/2-1/2

[Event "FIDE Chesscom Grand Swiss 2021"]
[Site "Riga"]
[Date "2021.11.01"]
[Round "6.16"]
[White "Artemiev, Vladislav"]
[Black "Ponomariov, Ruslan"]
[Result "1/2-1/2"]
[WhiteElo "2699"]
[BlackElo "2631"]
[Annotator "TA"]
[PlyCount "49"]
[EventDate "2021.10.27"]
[EventType "swiss"]
[EventCountry "LAT"]
[Tiebreak "Cut1 Buchholz+Sonneborn-Berger (Swiss)"]
[SourceTitle "playchess.com"]
[Source "ChessBase"]
[SourceQuality "1"]

{[%evp 24,49,11,14,8,0,4,0,0,-9,-9,-6,0,-5,-10,-68,-58,-68,-62,-50,0,0,0,-62,0,
0,0,-63]} 1. c4 c6 2. e4 d5 3. exd5 cxd5 4. d4 Nf6 5. Nc3 e6 6. Nf3 Bb4 7. cxd5
Nxd5 8. Bd2 O-O 9. Bd3 Nc6 10. O-O Be7 11. a3 Bf6 {The old main line.} 12. Qc2
g6 13. Bh6 Bg7 {B14: Caro-Kann: Panov-Botvinnik Attack with 5...e6 and 5...g6.}
14. Bxg7 Kxg7 15. Be4 Nce7 16. Rac1 b6 17. Nxd5 Nxd5 (17... exd5 $5 18. Bd3 $8
Bf5 $11) 18. Qc6 Bd7 {[#]} 19. Qb7 $146 (19. Qc2 $11) ({Predecessor:} 19. Qc4
Rc8 20. Qe2 Nf6 21. Ne5 Qe7 22. Bf3 Qd6 23. Nxd7 Qxd7 24. Rfd1 Rxc1 25. Rxc1
Qxd4 26. Rc7 e5 27. Rxa7 Rc8 28. h3 e4 29. Bg4 Rc1+ 30. Kh2 h5 {0-1 (30)
Pavasovic,D (2567)-Iordachescu,V (2587) Valjevo 2007}) 19... Bb5 $15 20. Rfe1
Rb8 $1 {[%cal Rb8b7]} 21. Qxa7 {White wants to play Bxd5.} Ra8 22. Qb7 $36 {
[%mdl 2048] White has the initiative.} Rb8 23. Qa7 {With the idea Bxd5.} Ra8 {
[%mdl 1024] Black has compensation.} 24. Qb7 Rb8 25. Qa7 {Weighted Error Value:
White=0.13/Black=0.10} 1/2-1/2

[Event "FIDE Chesscom Grand Swiss 2021"]
[Site "Riga"]
[Date "2021.11.01"]
[Round "6.17"]
[White "Kollars, Dmitrij"]
[Black "Wojtaszek, Radoslaw"]
[Result "1/2-1/2"]
[WhiteElo "2621"]
[BlackElo "2691"]
[Annotator "TA"]
[PlyCount "60"]
[EventDate "2021.10.27"]
[EventType "swiss"]
[EventCountry "LAT"]
[Tiebreak "Cut1 Buchholz+Sonneborn-Berger (Swiss)"]
[SourceTitle "playchess.com"]
[Source "ChessBase"]
[SourceQuality "1"]

{[%evp 18,60,25,13,8,8,4,8,4,6,14,8,9,0,14,0,0,4,4,4,11,2,8,6,6,8,18,21,23,14,
22,26,29,10,14,14,14,14,14,2,24,2,4,9,42]} 1. e4 c5 2. Nf3 d6 3. d4 cxd4 4.
Nxd4 Nf6 5. Nc3 a6 6. Be3 e5 7. Nf3 Be7 8. Bc4 O-O 9. O-O Nc6 10. Qe2 Na5 {
B90: Sicilian Najdorf: Unusual White 6th moves, 6 Be3 Ng4 and 6 Be3 e5.} 11.
Bd3 Be6 12. Na4 b5 {[#]} 13. Bb6 $1 Qc8 {White must now prevent ...Nc4.} 14.
Bxa5 {Hoping for Nb6.} bxa4 {[#]} 15. Rfe1 $146 ({Predecessor:} 15. Rfd1 Qb7
16. b4 Nh5 17. g3 Bg4 18. h3 Be6 19. Kh2 Nf6 20. c4 Nd7 21. Nd2 {1-0 (39)
Ponkratov,P (2624)-Kokarev,D (2624) Khanty-Mansiysk 2014}) 15... Bd8 16. Bxd8
Rxd8 17. Nd2 Qc5 18. b3 a5 19. Bc4 Bd7 20. Qe3 Qxe3 21. Rxe3 Kf8 22. f3 Rdb8
23. Rd3 Ke7 24. Nf1 axb3 25. cxb3 a4 26. Rad1 Rb6 27. Ne3 h5 28. h4 g6 29. R1d2
Ra7 30. Kf2 Ra8 {Not much happened in this game.  Weighted Error Value:
White=0.04/Black=0.03} 1/2-1/2

[Event "FIDE Chesscom Grand Swiss 2021"]
[Site "Riga"]
[Date "2021.11.01"]
[Round "6.18"]
[White "Kuzubov, Yuriy"]
[Black "Kryvoruchko, Yuriy"]
[Result "1/2-1/2"]
[WhiteElo "2624"]
[BlackElo "2686"]
[Annotator "TA"]
[PlyCount "62"]
[EventDate "2021.10.27"]
[EventType "swiss"]
[EventCountry "LAT"]
[Tiebreak "Cut1 Buchholz+Sonneborn-Berger (Swiss)"]
[SourceTitle "playchess.com"]
[Source "ChessBase"]
[SourceQuality "1"]

{[%evp 18,62,24,18,18,10,10,15,0,0,0,0,0,0,0,0,0,0,14,0,23,0,0,-12,0,0,0,-6,25,
20,20,21,20,25,21,21,27,0,0,0,17,1,20,14,20,0,0]} 1. e4 e5 2. Nf3 Nc6 3. Bb5
Nf6 4. O-O Nxe4 5. Re1 Nd6 6. Nxe5 Be7 7. Bf1 Nxe5 8. Rxe5 O-O 9. d4 Bf6 10.
Re1 Re8 {C67: Ruy Lopez: Berlin Defence: 4 0-0 Nxe4.} 11. Rxe8+ Nxe8 12. d5 d6
13. a4 a5 14. Nd2 Bg5 {[#]} 15. Nc4 $146 ({Predecessor:} 15. Ra3 Bd7 16. g3 Nf6
17. Bg2 Qe8 18. c4 b6 19. h3 h5 20. h4 Bh6 21. b3 {0-1 (45) Abdusattorov,N 
(2627)-So,W (2770) Chess.com INT 2020}) 15... Bxc1 16. Rxc1 Qg5 17. Ne3 Nf6 18.
Qd4 Bd7 19. Be2 Re8 20. Bf3 b6 21. h4 Qe5 22. Rd1 {[%cal Bc1d1,Bd1d4,Bd4c4]
[%mdl 32]} Ne4 23. Bxe4 Qxe4 24. Qc3 Rc8 ({Much weaker is} 24... Qxa4 $6 25.
Qxc7 Bg4 26. Rf1 $16) ({Avoid the trap} 24... Bxa4 $2 25. Rd4 $18 (25. Qxc7 Qb4
$18)) 25. Rd4 Qe5 26. b3 h6 27. Rc4 (27. g3 {feels hotter.} f5 28. Qd2 Qf6 29.
h5 Re8 30. Qd3) 27... Qxc3 {The position is equal.} 28. Rxc3 Kf8 29. f3 Ke7 30.
Kf2 Kd8 31. Nc4 Rb8 {Not much happened in this game.  Weighted Error Value:
White=0.05/Black=0.06} 1/2-1/2